000
00271nam a22001097a 4500
008
131217t xxu||||| |||| 00| 0 eng d
020
_a
0-00-649962-7
100
_a
Agatha Christie
_9
420
245
_a
Miss Marple
_b
The complete short stories
300
_a
340
942
_2
ddc
_c
BK
999
_c
16692
_d
16692